000 00363nam a2200133Ia 4500
008 151001s9999||||xx |||||||||||||| ||und||
100 _aझांडमन फेलिक्स
245 _aविशेष पव
250 _a1
260 _bसृजन एंटरप्रायजेस
260 _c2008
300 _a410
365 _b21
999 _c990824
_d990821